000 01091nam1a22002651 4500
001 rc\3013652
005 20250807185955.0
035 _a(NLR Aleph) 007156043
090 _a88383
_c88383
100 _a20250807 rusy50
101 0 _arus
102 _aRU
105 _a| ac |||||
200 1 _aВеликая Отечественная война советского народа
_eбиблиографический указатель печати КазССР (на русском языке)
_fКнижная палата КазССР
210 _aАлма-Ата
_cКнижная палата КазССР
_d1941–1943
215 _d20
712 0 2 _aКнижная палата КазССР
_cАлма-Ата
_3RU\NLR\AUTH\8810067257
_4475
801 0 _aRU
_bNLR
_gpsbo
801 1 _aRU
_bELAR
_2rusmarc
852 _aNLR
_jС453-420/В-27
942 _cBOOK
945 _aРоссийская национальная библиотека
_aНациональная библиотека Республики Казахстан
980 _aBV
980 _aNB